[Event "4th Batumi Cup 2018"]
[Site "Batumi"]
[Date "2018.07.04"]
[Round "3"]
[White "Rahul Srivatshav P"]
[Black "Martynyuk, Elizaveta"]
[Result "1-0"]
[WhiteElo "2397"]
[BlackElo "2182"]
[Annotator "NA"]
[PlyCount "109"]
[EventDate "2018.07.03"]
[EventType "swiss"]
[EventCountry "GEO"]
[SourceTitle "playchess.com"]
[Source "ChessBase"]
[SourceQuality "1"]
[TimeControl "40/5400+30:1800+30"]

1. e4 {[%emt 0:00:00]} c5 {[%emt 0:00:18]} 2. Nf3 {[%emt 0:00:20]} Nc6 {[%emt 0:00:13]} 3. Bb5 {[%emt 0:00:19]} d6 {[%emt 0:00:04]} 4. Bxc6+ {[%emt 0:00:25]} bxc6 {[%emt 0:00:05]} 5. O-O {[%emt 0:00:35]} e5 {[%emt 0:00:08]} 6. c3 {[%emt 0:00:44]} Nf6 {[%emt 0:00:07]} 7. Re1 {[%emt 0:00:23]} Bg4 {[%emt 0:00:06]} 8. h3 {[%emt 0:00:47]} Bh5 {[%emt 0:00:11]} 9. d4 {[%emt 0:01:02]} cxd4 {[%emt 0:00:16]} 10. cxd4 {[%emt 0:00:12]} Nd7 {[%emt 0:00:49]} 11. Be3 {[%emt 0:00:49]} Be7 {[%emt 0:00:25]} 12. Nbd2 {[%emt 0:00:39]} exd4 {[%emt 0:00:29]} 13. Bxd4 {[%emt 0:00:21]} O-O {[%emt 0:00:09]} 14. Rc1 {[%emt 0:03:00]} Rc8 {[%emt 0:03:35]} 15. Nf1 {[%emt 0:04:27]} Bg5 {[%emt 0:05:32]} 16. Rc2 {[%emt 0:16:09]} Bf4 {[%emt 0:05:18]} 17. Ne3 $11 {[%emt 0:09:30]} Bg6 {[%emt 0:03:38]} 18. Nf5 {[%emt 0:02:10]} Bxf5 {[%emt 0:00:27]} 19. exf5 {[%emt 0:00:13]} Qa5 {[%emt 0:02:29]} 20. g3 {[%emt 0:19:12]} Bh6 {[%emt 0:04:22]} 21. g4 {[%emt 0:03:55]} f6 {[%emt 0:02:05]} 22. Re7 {[%emt 0:04:10]} Rf7 {[%emt 0:04:49]} 23. Re6 {[%emt 0:09:36]} Qd5 {[%emt 0:03:08]} 24. Qe2 {[%emt 0:02:51]} Nf8 {[%emt 0:01:26]} 25. Re4 {[%emt 0:00:48]} Qxa2 {[%emt 0:01:12]} 26. Kg2 {[%emt 0:03:26]} Qb3 {[%emt 0:01:14]} 27. Rc3 {[%emt 0:00:33]} Qb7 {[%emt 0:00:17]} 28. b4 {[%emt 0:03:40]} d5 {[%emt 0:00:51]} 29. Re8 {[%emt 0:01:02]} Rxe8 {[%emt 0:01:13]} 30. Qxe8 {[%emt 0:00:03]} Qxb4 {[%emt 0:00:28]} 31. Rxc6 {[%emt 0:00:37]} Re7 {[%emt 0:03:12]} 32. Qc8 {[%emt 0:01:25]} Qb7 {[%emt 0:01:32]} 33. Bc5 {[%emt 0:00:43]} Qxc8 {[%emt 0:03:59]} 34. Rxc8 {[%emt 0:00:02]} Rf7 {[%emt 0:00:07]} 35. Nd4 {[%emt 0:01:10]} g6 {[%emt 0:00:13]} 36. Ne6 {[%emt 0:03:49]} gxf5 {[%emt 0:00:14]} 37. gxf5 {[%emt 0:00:28]} a5 {[%emt 0:00:49]} 38. Kf3 {[%emt 0:02:26]} a4 {[%emt 0:00:25]} 39. Ke2 {[%emt 0:00:45]} Bg7 {[%emt 0:01:35]} 40. Kd3 {[%emt 0:00:00]} Bh6 {[%emt 0:00:00]} 41. Kd4 {[%emt 0:01:24]} Bg7 {[%emt 0:02:38]} 42. Ba3 {[%emt 0:00:32]} Bh6 {[%emt 0:00:31]} 43. h4 {[%emt 0:00:10]} Bg7 {[%emt 0:00:15]} 44. h5 {[%emt 0:00:22]} Bh6 {[%emt 0:00:06]} 45. Kxd5 {[%emt 0:01:17]} Rd7+ {[%emt 0:00:09]} 46. Kc6 {[%emt 0:00:51]} Rf7 {[%emt 0:00:46]} 47. Bc5 {[%emt 0:00:52]} Bg7 {[%emt 0:00:18]} 48. Rb8 {[%emt 0:00:22]} Bh6 {[%emt 0:00:58]} 49. Kb5 {[%emt 0:00:13]} Bg7 {[%emt 0:00:09]} 50. Kxa4 {[%emt 0:00:07]} Bh6 {[%emt 0:00:21]} 51. Kb5 {[%emt 0:00:19]} Bg7 {[%emt 0:00:13]} 52. Kc6 {[%emt 0:00:21]} Bh6 {[%emt 0:00:08]} 53. Bxf8 {[%emt 0:00:37]} Bxf8 {[%emt 0:00:31]} 54. h6 {[%emt 0:00:18]} Kh8 {[%emt 0:05:30]} 55. Nxf8 {[%emt 0:00:12]} 1-0

[Event "4th Batumi Cup 2018"]
[Site "Batumi"]
[Date "2018.07.04"]
[Round "3"]
[White "Oboladze, Luka"]
[Black "Eynullayev, Altay"]
[Result "1/2-1/2"]
[WhiteElo "2378"]
[BlackElo "2134"]
[Annotator "NA"]
[PlyCount "111"]
[EventDate "2018.07.03"]
[EventType "swiss"]
[EventCountry "GEO"]
[SourceTitle "playchess.com"]
[Source "ChessBase"]
[SourceQuality "1"]
[TimeControl "40/5400+30:1800+30"]

1. d4 {[%emt 0:00:00]} Nf6 {[%emt 0:00:00]} 2. c4 {[%emt 0:00:00]} e6 {[%emt 0:00:00]} 3. Nf3 {[%emt 0:00:00]} d5 {[%emt 0:00:00]} 4. Nc3 {[%emt 0:00:00]} c5 {[%emt 0:00:00]} 5. cxd5 {[%emt 0:00:00]} Nxd5 {[%emt 0:00:00]} 6. e4 {[%emt 0:00:00]} Nxc3 {[%emt 0:00:00]} 7. bxc3 {[%emt 0:00:00]} cxd4 {[%emt 0:00:05]} 8. cxd4 {[%emt 0:00:02]} Bb4+ {[%emt 0:00:04]} 9. Bd2 {[%emt 0:00:04]} Bxd2+ {[%emt 0:00:05]} 10. Qxd2 {[%emt 0:00:04]} O-O {[%emt 0:00:06]} 11. Bc4 {[%emt 0:00:10]} Nd7 {[%emt 0:00:40]} 12. O-O {[%emt 0:00:22]} b6 {[%emt 0:00:03]} 13. a4 {[%emt 0:00:18]} Bb7 {[%emt 0:00:16]} 14. Bd3 {[%emt 0:00:13]} h6 {[%emt 0:00:34]} 15. a5 {[%emt 0:02:43]} bxa5 {[%emt 0:00:05]} 16. Rfb1 {[%emt 0:06:08]} Qc7 {[%emt 0:03:54]} 17. Qxa5 {[%emt 0:16:30]} Rfc8 {[%emt 0:16:31]} 18. Nd2 $14 {[%emt 0:03:10]} Nb6 {[%emt 0:18:24]} 19. Nb3 {[%emt 0:25:18]} Rd8 {[%emt 0:07:41]} 20. Qd2 {[%emt 0:07:03]} Qe7 {[%emt 0:16:13]} 21. Qe3 {[%emt 0:01:07]} Rdc8 {[%emt 0:06:59]} 22. Nc5 {[%emt 0:01:20]} Bc6 {[%emt 0:00:56]} 23. Ra5 {[%emt 0:03:21]} Rc7 {[%emt 0:09:30]} 24. Na6 {[%emt 0:06:34]} Rd7 {[%emt 0:03:17]} 25. Rc1 {[%emt 0:03:26]} Rc8 {[%emt 0:01:24]} 26. Nc5 {[%emt 0:04:33]} Rdc7 {[%emt 0:01:05]} 27. Rca1 {[%emt 0:21:04]} Rd8 {[%emt 0:01:15]} 28. f3 {[%emt 0:00:00]} Qd6 {[%emt 0:03:16]} 29. d5 {[%emt 0:00:00]} exd5 {[%emt 0:00:39]} 30. e5 {[%emt 0:00:00]} Qe7 {[%emt 0:00:15]} 31. Na6 {[%emt 0:00:00]} d4 {[%emt 0:04:47]} 32. Qf4 {[%emt 0:00:00]} Rcd7 {[%emt 0:00:55]} 33. Nc5 {[%emt 0:00:00]} Rc7 {[%emt 0:00:53]} 34. e6 {[%emt 0:00:00]} Bd5 {[%emt 0:03:45]} 35. Nd7 {[%emt 0:01:42]} Rb7 {[%emt 0:02:02]} 36. Nxb6 {[%emt 0:01:30]} Rxb6 {[%emt 0:01:15]} 37. exf7+ {[%emt 0:01:09]} Bxf7 {[%emt 0:00:55]} 38. Re5 {[%emt 0:00:19]} Qf6 {[%emt 0:00:25]} 39. Rf5 {[%emt 0:00:40]} Qe6 {[%emt 0:00:07]} 40. Re5 {[%emt 0:00:00]} Qf6 {[%emt 0:00:00]} 41. Qxf6 {[%emt 0:09:05]} Rxf6 {[%emt 0:01:07]} 42. Rxa7 {[%emt 0:00:52]} Bg6 {[%emt 0:04:48]} 43. Bxg6 {[%emt 0:01:54]} Rxg6 {[%emt 0:00:01]} 44. Ra2 {[%emt 0:01:43]} Rgd6 {[%emt 0:02:41]} 45. Rd2 {[%emt 0:00:14]} Kf7 {[%emt 0:00:28]} 46. Rd3 {[%emt 0:00:18]} Re6 {[%emt 0:00:54]} 47. Rf5+ {[%emt 0:00:13]} Rf6 {[%emt 0:00:06]} 48. Ra5 {[%emt 0:00:24]} Rfd6 {[%emt 0:02:09]} 49. Kf2 {[%emt 0:00:18]} Ke6 {[%emt 0:00:12]} 50. f4 {[%emt 0:00:24]} Rd5 {[%emt 0:00:43]} 51. Ra1 {[%emt 0:02:04]} g5 {[%emt 0:03:01]} 52. g3 {[%emt 0:00:40]} gxf4 {[%emt 0:00:37]} 53. gxf4 {[%emt 0:00:04]} Kf5 {[%emt 0:00:10]} 54. Kf3 {[%emt 0:00:07]} Rc8 {[%emt 0:03:03]} 55. Rad1 {[%emt 0:01:50]} Rc2 {[%emt 0:02:01]} 56. Rxd4 {[%emt 0:01:40]} 1/2-1/2

[Event "4th Batumi Cup 2018"]
[Site "Batumi"]
[Date "2018.07.04"]
[Round "3"]
[White "Martynov, Roman"]
[Black "Al Hosani, Omran"]
[Result "1/2-1/2"]
[WhiteElo "2366"]
[BlackElo "2089"]
[Annotator "NA"]
[PlyCount "112"]
[EventDate "2018.07.03"]
[EventType "swiss"]
[EventCountry "GEO"]
[SourceTitle "playchess.com"]
[Source "ChessBase"]
[SourceQuality "1"]
[TimeControl "40/5400+30:1800+30"]

1. d4 {[%emt 0:00:01]} Nf6 {[%emt 0:00:00]} 2. c4 {[%emt 0:00:21]} g6 {[%emt 0:00:00]} 3. Nf3 {[%emt 0:00:19]} d5 {[%emt 0:04:22]} 4. cxd5 {[%emt 0:03:00]} Nxd5 {[%emt 0:00:11]} 5. e4 {[%emt 0:01:23]} Nb6 {[%emt 0:00:38]} 6. h3 {[%emt 0:00:54]} Bg7 {[%emt 0:00:17]} 7. Nc3 {[%emt 0:00:18]} O-O {[%emt 0:05:17]} 8. Be3 {[%emt 0:01:26]} Nc6 {[%emt 0:00:47]} 9. Be2 {[%emt 0:04:05] LiveBook: 49 Games} Na5 $16 {[%emt 0:03:14]} 10. Qc1 {[%emt 0:33:03]} Re8 {[%emt 0:04:28]} 11. O-O {[%emt 0:04:49]} Nac4 {[%emt 0:09:27]} 12. Bg5 {[%emt 0:07:21]} c6 {[%emt 0:01:18]} 13. Rd1 {[%emt 0:10:10]} Be6 {[%emt 0:12:35]} 14. b3 {[%emt 0:10:01]} Nd6 {[%emt 0:00:06]} 15. Qc2 {[%emt 0:01:19]} a5 {[%emt 0:02:58]} 16. a4 {[%emt 0:00:23]} f5 {[%emt 0:01:20]} 17. e5 {[%emt 0:05:04]} Ndc8 {[%emt 0:07:34]} 18. Nd2 {[%emt 0:10:20]} Nd5 {[%emt 0:05:01]} 19. Nc4 {[%emt 0:00:06]} Nb4 {[%emt 0:00:28]} 20. Qb2 {[%emt 0:00:07]} Nb6 {[%emt 0:00:23]} 21. Nd6 {[%emt 0:00:40]} h6 {[%emt 0:05:47]} 22. Nxe8 {[%emt 0:00:25]} Qxe8 {[%emt 0:00:02]} 23. Be3 {[%emt 0:02:25]} Qf7 {[%emt 0:00:10]} 24. d5 {[%emt 0:00:40]} N6xd5 {[%emt 0:00:16]} 25. Nxd5 {[%emt 0:00:02]} Bxd5 {[%emt 0:01:36]} 26. Bc5 {[%emt 0:03:14]} Qe6 {[%emt 0:01:41]} 27. f4 {[%emt 0:00:27]} g5 {[%emt 0:00:44]} 28. Bxb4 {[%emt 0:00:47]} axb4 {[%emt 0:00:31]} 29. Qd4 {[%emt 0:00:11]} gxf4 {[%emt 0:00:15]} 30. Qxb4 {[%emt 0:00:06]} Qxe5 {[%emt 0:01:27]} 31. Bc4 {[%emt 0:01:24]} Qe3+ {[%emt 0:00:13]} 32. Kf1 {[%emt 0:00:08]} Bxa1 {[%emt 0:00:53]} 33. Rxa1 {[%emt 0:00:17]} Qe4 {[%emt 0:05:00]} 34. Bxd5+ {[%emt 0:00:49]} cxd5 {[%emt 0:00:06]} 35. Qxb7 {[%emt 0:00:23]} Qd3+ {[%emt 0:00:10]} 36. Kg1 {[%emt 0:00:16]} Rf8 {[%emt 0:08:47]} 37. Re1 {[%emt 0:00:53]} Qd4+ {[%emt 0:07:25]} 38. Kh1 {[%emt 0:00:25]} e5 {[%emt 0:00:20]} 39. Qc7 {[%emt 0:00:10]} e4 {[%emt 0:00:53]} 40. Qxf4 {[%emt 0:00:00]} Qf6 {[%emt 0:00:00]} 41. b4 {[%emt 0:14:56]} d4 {[%emt 0:02:34]} 42. a5 {[%emt 0:01:00]} d3 {[%emt 0:02:51]} 43. b5 {[%emt 0:02:37]} Rd8 {[%emt 0:02:16]} 44. b6 {[%emt 0:02:06]} d2 {[%emt 0:03:03]} 45. Rd1 {[%emt 0:00:49]} Qc6 {[%emt 0:06:33]} 46. Qxf5 {[%emt 0:05:56]} e3 {[%emt 0:00:45]} 47. b7 {[%emt 0:01:27]} Qe8 {[%emt 0:05:39]} 48. Qg4+ {[%emt 0:02:01]} Kh7 {[%emt 0:00:35]} 49. Qe2 {[%emt 0:01:05]} Qe5 {[%emt 0:02:55]} 50. a6 {[%emt 0:00:19]} Qc5 {[%emt 0:01:14]} 51. Qf3 {[%emt 0:01:54]} Rf8 {[%emt 0:02:24]} 52. Qe4+ {[%emt 0:00:05]} Kg7 {[%emt 0:00:30]} 53. a7 {[%emt 0:02:28]} Qxa7 {[%emt 0:01:07]} 54. Qe7+ {[%emt 0:00:02]} Kg8 {[%emt 0:00:22]} 55. Qe6+ {[%emt 0:00:16]} Kg7 {[%emt 0:00:11]} 56. Qe7+ {[%emt 0:00:20]} Kg8 {[%emt 0:00:05]} 1/2-1/2

[Event "4th Batumi Cup 2018"]
[Site "Batumi"]
[Date "2018.07.04"]
[Round "3"]
[White "Sattarov, Bobir"]
[Black "Sanikidze, Tornike"]
[Result "1/2-1/2"]
[WhiteElo "2328"]
[BlackElo "2512"]
[Annotator "TA"]
[PlyCount "39"]
[EventDate "2018.07.03"]
[EventType "swiss"]
[EventCountry "GEO"]
[SourceTitle "playchess.com"]
[Source "ChessBase"]
[SourceQuality "1"]

{[%evp 19,20,26,37]} 1. e4 e5 2. Nf3 Nc6 3. Bb5 a6 4. Ba4 Nf6 5. O-O Be7 6. Re1 b5 7. Bb3 d6 8. c3 O-O 9. h3 Na5 10. Bc2 c5 {Predecessor:} 11. d4 $146 Nd7 12. d5 Nb6 13. Nbd2 Bd7 14. Nf1 Nb7 15. b3 a5 16. Rb1 c4 17. bxc4 Nxc4 18. a4 Qc7 19. axb5 Nb6 20. Be3 {0-1 (58) Hou,Y (2680)-Caruana,F (2811) Wijk aan Zee 2018} 1/2-1/2

[Event "4th Batumi Cup 2018"]
[Site "Batumi"]
[Date "2018.07.04"]
[Round "3"]
[White "Gvetadze, Sofio"]
[Black "Stepanyan, Eva"]
[Result "1-0"]
[WhiteElo "2316"]
[BlackElo "2096"]
[Annotator "NA"]
[PlyCount "105"]
[EventDate "2018.07.03"]
[EventType "swiss"]
[EventCountry "GEO"]
[SourceTitle "playchess.com"]
[Source "ChessBase"]
[SourceQuality "1"]
[TimeControl "40/5400+30:1800+30"]

1. g3 {[%emt 0:00:00]} d5 {[%emt 0:00:00]} 2. Bg2 {[%emt 0:00:00]} c6 {[%emt 0:00:09]} 3. Nf3 {[%emt 0:00:00]} Nf6 {[%emt 0:00:34]} 4. O-O {[%emt 0:00:00]} Bf5 {[%emt 0:00:18]} 5. d3 {[%emt 0:00:26]} h6 {[%emt 0:00:31]} 6. Nbd2 {[%emt 0:00:07]} e6 {[%emt 0:00:19]} 7. c4 {[%emt 0:00:27]} Be7 {[%emt 0:00:56]} 8. b3 {[%emt 0:00:19]} O-O {[%emt 0:00:30]} 9. Bb2 {[%emt 0:00:07]} Nbd7 {[%emt 0:00:25]} 10. Re1 {[%emt 0:01:13]} Bh7 {[%emt 0:06:43]} 11. Rc1 {[%emt 0:01:41]} a5 {[%emt 0:01:28]} 12. cxd5 {[%emt 0:01:37]} cxd5 {[%emt 0:02:48]} 13. Nb1 {[%emt 0:05:32]} Bb4 {[%emt 0:07:17]} 14. Rf1 {[%emt 0:00:27]} Rc8 {[%emt 0:03:28]} 15. Nc3 {[%emt 0:01:37]} Qe7 {[%emt 0:01:22]} 16. Na4 {[%emt 0:10:39]} e5 $11 {[%emt 0:05:17]} 17. d4 {[%emt 0:04:07]} e4 {[%emt 0:07:36]} 18. Ne5 {[%emt 0:00:20]} Bd6 {[%emt 0:02:39]} 19. Nxd7 {[%emt 0:00:26]} Nxd7 {[%emt 0:00:10]} 20. Nc3 {[%emt 0:00:20]} Qe6 {[%emt 0:02:38]} 21. f4 {[%emt 0:02:52]} f5 {[%emt 0:05:19]} 22. e3 {[%emt 0:00:59]} Bg6 {[%emt 0:01:07]} 23. Qe2 {[%emt 0:02:41]} b6 {[%emt 0:10:35]} 24. Qb5 {[%emt 0:01:14]} Bf7 {[%emt 0:00:17]} 25. Rf2 {[%emt 0:06:23]} Bb8 {[%emt 0:00:56]} 26. Rfc2 {[%emt 0:00:49]} Rc6 {[%emt 0:01:47]} 27. Na4 {[%emt 0:00:52]} Rxc2 {[%emt 0:04:12]} 28. Rxc2 {[%emt 0:00:02]} Be8 {[%emt 0:02:15]} 29. Rc6 {[%emt 0:02:24]} Nf6 {[%emt 0:02:05]} 30. Rxe6 {[%emt 0:01:03]} Bxb5 {[%emt 0:00:06]} 31. Nc3 {[%emt 0:01:22]} Bd3 {[%emt 0:03:11]} 32. Rxb6 {[%emt 0:00:09]} Bc7 {[%emt 0:01:28]} 33. Rc6 {[%emt 0:00:39]} Rf7 {[%emt 0:00:23]} 34. h3 {[%emt 0:02:53]} Kf8 {[%emt 0:01:50]} 35. Rc5 {[%emt 0:06:39]} Rd7 {[%emt 0:01:26]} 36. Na4 {[%emt 0:01:58]} Kf7 {[%emt 0:06:04]} 37. Bc3 {[%emt 0:00:32]} Bb1 {[%emt 0:00:57]} 38. Bxa5 {[%emt 0:06:41]} Bd6 {[%emt 0:00:22]} 39. Rc6 {[%emt 0:01:23]} Bxa2 {[%emt 0:00:48]} 40. Nb6 {[%emt 0:00:00]} Ra7 {[%emt 0:00:00]} 41. b4 {[%emt 0:00:38]} Bf8 {[%emt 0:02:52]} 42. Bf1 {[%emt 0:00:35]} Bb3 {[%emt 0:01:33]} 43. Rc3 {[%emt 0:01:38]} Bd1 {[%emt 0:00:36]} 44. Nc8 {[%emt 0:05:38]} Ra8 {[%emt 0:02:01]} 45. Rc7+ {[%emt 0:04:47]} Kg6 {[%emt 0:01:05]} 46. Ne7+ {[%emt 0:00:32]} Bxe7 {[%emt 0:02:11]} 47. Rxe7 {[%emt 0:00:40]} Bc2 {[%emt 0:01:19]} 48. Bb5 {[%emt 0:01:48]} Bd3 {[%emt 0:00:38]} 49. Ba4 {[%emt 0:01:21]} Nh5 {[%emt 0:00:44]} 50. g4 {[%emt 0:13:35]} fxg4 {[%emt 0:02:05]} 51. Be8+ {[%emt 0:00:24]} Kf6 {[%emt 0:00:31]} 52. Rf7+ {[%emt 0:00:10]} Ke6 {[%emt 0:02:33]} 53. f5+ {[%emt 0:00:08]} 1-0

[Event "4th Batumi Cup 2018"]
[Site "Batumi"]
[Date "2018.07.04"]
[Round "3"]
[White "Garayev, Kanan"]
[Black "Bashirov, Teymur"]
[Result "1-0"]
[WhiteElo "2300"]
[BlackElo "2379"]
[Annotator "TA"]
[PlyCount "27"]
[EventDate "2018.07.03"]
[EventType "swiss"]
[EventCountry "GEO"]
[SourceTitle "playchess.com"]
[Source "ChessBase"]
[SourceQuality "1"]

{[%evp 15,27,26,42,41,17,27,174,163,173,162,855,853,1102,1093]} 1. d4 d5 2. c4 e6 3. Nc3 Nf6 4. cxd5 exd5 5. Bg5 Be7 6. e3 Nbd7 7. Bd3 b6 {D35: Queen's Gambit Declined: Exchange Variation} (7... c6 8. Nge2 Nh5 9. Bxe7 Qxe7 10. g4 Nhf6 11. Ng3 g6 12. Qe2 Nb6 13. g5 Ng8 14. h4 h6 15. O-O-O Be6 16. h5 Qxg5 17. hxg6 fxg6 18. Rdg1 Qf6 19. Bxg6+ Qxg6 {1-0 (28) Jobava,B (2712)-Heberla,B (2558) Austria 2018}) 8. Nge2 Bb7 {LiveBook: 3 Games} 9. Ng3 {[%cal Be2g3,Bg3f5,Bf5h6][%mdl 32]} h6 {White is slightly better.} 10. Bf4 O-O (10... g5 $1 $11 {and Black has nothing to worry.}) 11. Nf5 Re8 12. Qf3 $146 ({Predecessor:} 12. Nb5 Bb4+ 13. Kf1 Rf8 14. Bxc7 Qc8 15. Rc1 Qe8 16. Nfd6 Qe6 17. Nxb7 Ng4 18. Bf4 g5 19. Nc7 Qf6 20. Qxg4 {1-0 (20) Bossenbroek,H (1785)-Hill,J SEMI email 1998}) 12... h5 $2 (12... Bb4 13. O-O Bxc3) 13. Qg3 $1 $18 {[%csl Gf5,LRc7,LRg7][%cal Rg3g7] [#]} g6 14. Nh6+ 1-0

[Event "4th Batumi Cup 2018"]
[Site "Batumi"]
[Date "2018.07.04"]
[Round "3"]
[White "Suleymanli, Aydin"]
[Black "Pogosyan, Stefan"]
[Result "1-0"]
[WhiteElo "2266"]
[BlackElo "2356"]
[Annotator "NA"]
[PlyCount "43"]
[EventDate "2018.07.03"]
[EventType "swiss"]
[EventCountry "GEO"]
[SourceTitle "playchess.com"]
[Source "ChessBase"]
[SourceQuality "1"]
[TimeControl "40/5400+30:1800+30"]

1. b4 {[%emt 0:00:00]} f5 {[%emt 0:03:05]} 2. Bb2 {[%emt 0:00:00]} Nf6 {[%emt 0:00:09]} 3. e3 {[%emt 0:00:33]} g6 {[%emt 0:00:45]} 4. Nf3 {[%emt 0:04:35]} Bg7 {[%emt 0:00:13]} 5. Bc4 {[%emt 0:04:34]} e6 {[%emt 0:04:57]} 6. O-O {[%emt 0:04:27]} O-O {[%emt 0:00:59]} 7. d4 {[%emt 0:06:43]} d6 {[%emt 0:06:46]} 8. Nbd2 {[%emt 0:02:44]} Kh8 {[%emt 0:01:29]} 9. a4 {[%emt 0:01:05]} e5 {[%emt 0:06:21]} 10. dxe5 {[%emt 0:00:47]} Ng4 {[%emt 0:00:19]} 11. Qc1 $14 {[%emt 0:07:33]} Nxe5 {[%emt 0:01:45]} 12. Nxe5 {[%emt 0:00:33]} dxe5 {[%emt 0:00:07]} 13. Nf3 {[%emt 0:01:08]} Nd7 {[%emt 0:07:24]} 14. Rd1 {[%emt 0:09:27]} Qe7 {[%emt 0:01:47]} 15. b5 {[%emt 0:00:29]} Re8 {[%emt 0:01:49]} 16. e4 {[%emt 0:06:46]} f4 {[%emt 0:01:01]} 17. Rd5 {[%emt 0:07:01]} g5 {[%emt 0:05:38]} 18. h3 {[%emt 0:20:18]} h5 {[%emt 0:05:53]} 19. Bb3 {[%emt 0:02:08]} g4 {[%emt 0:02:17]} 20. hxg4 {[%emt 0:00:14]} hxg4 {[%emt 0:00:10]} 21. Qxf4 {[%emt 0:00:15]} Bf6 {[%emt 0:14:37]} 22. Rxd7 {[%emt 0:01:14]} 1-0

[Event "4th Batumi Cup 2018"]
[Site "Batumi"]
[Date "2018.07.04"]
[Round "3"]
[White "Mammadova, Narmin"]
[Black "Sanchez, Louis"]
[Result "1/2-1/2"]
[WhiteElo "2209"]
[BlackElo "2290"]
[Annotator "NA"]
[PlyCount "131"]
[EventDate "2018.07.03"]
[EventType "swiss"]
[EventCountry "GEO"]
[SourceTitle "playchess.com"]
[Source "ChessBase"]
[SourceQuality "1"]
[TimeControl "40/5400+30:1800+30"]

1. e4 {[%emt 0:00:00]} g6 {[%emt 0:01:50]} 2. d4 {[%emt 0:00:50]} Bg7 {[%emt 0:00:18]} 3. Nf3 {[%emt 0:02:09]} d6 {[%emt 0:01:11]} 4. h3 {[%emt 0:02:08]} Nf6 {[%emt 0:01:46]} 5. Nbd2 {[%emt 0:02:46]} O-O {[%emt 0:01:14]} 6. Be2 {[%emt 0:01:24]} Nc6 {[%emt 0:03:34]} 7. O-O {[%emt 0:02:51]} e5 {[%emt 0:03:10]} 8. dxe5 {[%emt 0:03:18]} Nxe5 {[%emt 0:03:41]} 9. Nxe5 {[%emt 0:03:09]} dxe5 {[%emt 0:00:09]} 10. c3 {[%emt 0:02:02]} b6 {[%emt 0:01:23]} 11. Qc2 {[%emt 0:03:31]} Bb7 {[%emt 0:00:59]} 12. Re1 {[%emt 0:04:58]} Bh6 {[%emt 0:03:18]} 13. Bf3 $11 {[%emt 0:02:21]} Qe7 {[%emt 0:07:18]} 14. Nf1 {[%emt 0:07:45]} Bxc1 {[%emt 0:00:53]} 15. Raxc1 {[%emt 0:00:14]} a5 {[%emt 0:06:41]} 16. Ne3 {[%emt 0:05:58]} Qe6 {[%emt 0:02:07]} 17. a3 {[%emt 0:05:10]} Rad8 {[%emt 0:12:08]} 18. Rcd1 {[%emt 0:16:13]} h5 {[%emt 0:02:39]} 19. c4 {[%emt 0:03:47]} Rd4 {[%emt 0:23:54]} 20. Nd5 {[%emt 0:05:50]} c5 {[%emt 0:01:41]} 21. Re3 {[%emt 0:04:25]} Bxd5 {[%emt 0:04:33]} 22. exd5 {[%emt 0:02:53]} Qd6 {[%emt 0:00:18]} 23. Rde1 {[%emt 0:01:29]} Re8 {[%emt 0:03:18]} 24. Be4 {[%emt 0:07:17]} Kg7 {[%emt 0:00:53]} 25. Qe2 {[%emt 0:02:22]} Nd7 {[%emt 0:05:14]} 26. Bc2 {[%emt 0:01:38]} h4 {[%emt 0:03:13]} 27. Ba4 {[%emt 0:01:51]} f6 {[%emt 0:00:18]} 28. Qc2 {[%emt 0:04:20]} Rd8 {[%emt 0:02:14]} 29. Bxd7 {[%emt 0:00:21]} Qxd7 {[%emt 0:00:16]} 30. Qb3 {[%emt 0:01:19]} b5 {[%emt 0:01:08]} 31. cxb5 {[%emt 0:00:30]} a4 {[%emt 0:00:39]} 32. Qc2 {[%emt 0:00:37]} Qxb5 {[%emt 0:00:09]} 33. Rc3 {[%emt 0:00:31]} R8xd5 {[%emt 0:00:26]} 34. Rc1 {[%emt 0:00:29]} Rd2 {[%emt 0:02:22]} 35. Qe4 {[%emt 0:00:14]} R5d4 {[%emt 0:01:03]} 36. Qf3 {[%emt 0:00:49]} c4 {[%emt 0:01:15]} 37. R3c2 {[%emt 0:00:27]} R2d3 {[%emt 0:00:23]} 38. Qe2 {[%emt 0:00:29]} Qd5 {[%emt 0:00:19]} 39. Re1 {[%emt 0:00:30]} e4 {[%emt 0:00:45]} 40. Kh2 {[%emt 0:00:00]} f5 {[%emt 0:00:00]} 41. Kg1 {[%emt 0:07:14]} Qd6 {[%emt 0:11:29]} 42. Rf1 {[%emt 0:02:13]} Qf4 {[%emt 0:02:12]} 43. Rfc1 {[%emt 0:03:38]} Qd6 {[%emt 0:05:47]} 44. Rf1 {[%emt 0:00:10]} Qd8 {[%emt 0:01:04]} 45. Qe1 {[%emt 0:02:09]} Qd6 {[%emt 0:09:28]} 46. Qa5 {[%emt 0:01:06]} Rd1 {[%emt 0:00:46]} 47. Rc1 {[%emt 0:02:43]} Rxf1+ {[%emt 0:02:05]} 48. Rxf1 {[%emt 0:00:14]} Qd7 {[%emt 0:00:26]} 49. Qe5+ {[%emt 0:05:14]} Kf7 {[%emt 0:00:38]} 50. Qh8 {[%emt 0:01:13]} Rd2 {[%emt 0:01:43]} 51. Qh7+ {[%emt 0:00:40]} Kf6 {[%emt 0:00:32]} 52. Qxh4+ {[%emt 0:02:53]} Kg7 {[%emt 0:00:03]} 53. Qg3 {[%emt 0:02:04]} Qd4 {[%emt 0:00:36]} 54. Qc7+ {[%emt 0:00:47]} Kh6 {[%emt 0:00:13]} 55. Qf4+ {[%emt 0:00:57]} Kg7 {[%emt 0:00:29]} 56. Rc1 {[%emt 0:03:14]} Rxb2 {[%emt 0:01:06]} 57. Rxc4 {[%emt 0:01:03]} Qxc4 {[%emt 0:00:37]} 58. Qe5+ {[%emt 0:00:02]} Kf7 {[%emt 0:00:21]} 59. Qxb2 {[%emt 0:00:01]} Qb3 {[%emt 0:00:33]} 60. Qc1 {[%emt 0:00:04]} Ke6 {[%emt 0:00:30]} 61. Qc6+ {[%emt 0:00:30]} Ke5 {[%emt 0:00:31]} 62. Qc5+ {[%emt 0:00:25]} Kf6 {[%emt 0:00:09]} 63. Qd6+ {[%emt 0:00:42]} Kf7 {[%emt 0:00:38]} 64. Qd7+ {[%emt 0:00:13]} Kf6 {[%emt 0:00:23]} 65. Qd6+ {[%emt 0:00:10]} Kf7 {[%emt 0:00:37]} 66. Qd7+ {[%emt 0:00:51]} 1/2-1/2